000 00547nam a22002177a 4500
003 OSt
005 20140310183023.0
008 130215t xxu||||| |||| 00| 0 eng d
020 _a9789719444107
050 _aPZ4
_b.D779 2010
082 _aFIL 823
_bD779 2010
245 _aPatriots on the street
_cDrilon II , Rex C.
260 _aPhilippines : s.n.
_cc2010
300 _a143 p.
_c22 cm.
521 _acollege students
526 _c1210L-1700L
541 _j1
541 _j2
562 _e2
942 _2lcc
_cBK
_kFIL
999 _c18385
_d18385